Worthy fights : (Record no. 593411)

000 -LEADER
fixed length control field 03532cam a2200577 i 4500
001 - CONTROL NUMBER
control field 18523042
005 - DATE AND TIME OF LATEST TRANSACTION
control field 20230222113708.0
008 - FIXED-LENGTH DATA ELEMENTS--GENERAL INFORMATION
fixed length control field 150311s2014 nyuaf b 001 0aeng d
010 ## - LIBRARY OF CONGRESS CONTROL NUMBER
LC control number 2015300013
015 ## - NATIONAL BIBLIOGRAPHY NUMBER
National bibliography number GBB4B6896
Source bnb
016 7# - NATIONAL BIBLIOGRAPHIC AGENCY CONTROL NUMBER
Record control number 016898687
Source Uk
020 ## - INTERNATIONAL STANDARD BOOK NUMBER
International Standard Book Number 9781594205965
020 ## - INTERNATIONAL STANDARD BOOK NUMBER
International Standard Book Number 1594205965
035 ## - SYSTEM CONTROL NUMBER
System control number (OCoLC)ocn889886635
040 ## - CATALOGING SOURCE
Original cataloging agency TOH
Language of cataloging eng
Transcribing agency TOH
Description conventions rda
Modifying agency YDXCP
-- BTCTA
-- BDX
-- GK8
-- UPZ
-- DAD
-- ZHB
-- OQX
-- GZD
-- IHV
-- JP3
-- NDS
-- UKMGB
-- VP@
-- INR
-- EEK
-- NLGGC
-- UAB
-- IXA
-- MEA
-- OCLCF
-- DLC
042 ## - AUTHENTICATION CODE
Authentication code lccopycat
043 ## - GEOGRAPHIC AREA CODE
Geographic area code n-us---
050 00 - LIBRARY OF CONGRESS CALL NUMBER
Classification number E840.8.P34
Item number A3 2014
082 04 - DEWEY DECIMAL CLASSIFICATION NUMBER
Classification number 327.1273, PAN
-- B
Edition number 23
100 1# - MAIN ENTRY--PERSONAL NAME
Personal name Panetta, Leon E.,
Dates associated with a name 1938-
Relator term author.
9 (RLIN) 109448
245 10 - TITLE STATEMENT
Title Worthy fights :
Remainder of title a memoir of leadership in war and peace /
Statement of responsibility, etc. Leon Panetta ; with Jim Newton.
264 #1 - PRODUCTION, PUBLICATION, DISTRIBUTION, MANUFACTURE, AND COPYRIGHT NOTICE
Place of production, publication, distribution, manufacture New York :
Name of producer, publisher, distributor, manufacturer Penguin Press,
Date of production, publication, distribution, manufacture, or copyright notice 2014.
300 ## - PHYSICAL DESCRIPTION
Extent 498 pages, 32 unnumbered pages of plates :
Other physical details illustrations ;
Dimensions 25 cm
336 ## - CONTENT TYPE
Content type term text
Content type code txt
Source rdacontent
337 ## - MEDIA TYPE
Media type term unmediated
Media type code n
Source rdamedia
338 ## - CARRIER TYPE
Carrier type term volume
Carrier type code nc
Source rdacarrier
505 0# - FORMATTED CONTENTS NOTE
Formatted contents note Pt. I. Politics and progress (Page-5), "A better life" (Page-7),"Look at yourself in the mirror" (Page-24), "You did what was right" (Page-33), "No more excuses" (Page-50), "Working for us" (Page-61), "It's the right fight" (Page-90), "If the White House is falling apart ..." (Page-123),"We thought you would cave (Page-152),Pt. II. Protect and defend (Page-187), "The combatant commander in the War on Terrorism" (Page-189), "Tell it like it is ... our national security depends on it" (Page-209), "Disrupt, dismantle, defeat" (Page-239),"Everywhere in the world" (Page-270),"Go in and get Bin Laden" (Page-289),"To be free, we must also be secure" (Page-332),"A new defense strategy for the twenty-first century" (Page-360),"In together, out together" (Page-401),"I cannot imagine the pain" (Page-437),Leadership or crisis (Page-461).
600 10 - SUBJECT ADDED ENTRY--PERSONAL NAME
Personal name Panetta, Leon E.,
Dates associated with a name 1938-
9 (RLIN) 109448
600 14 - SUBJECT ADDED ENTRY--PERSONAL NAME
Personal name Panetta, Leon E.,
Dates associated with a name 1938-
9 (RLIN) 109448
600 17 - SUBJECT ADDED ENTRY--PERSONAL NAME
Personal name Panetta, Leon E.,
Dates associated with a name 1938-
Source of heading or term fast
Authority record control number or standard number (OCoLC)fst00300100
9 (RLIN) 109448
610 10 - SUBJECT ADDED ENTRY--CORPORATE NAME
Corporate name or jurisdiction name as entry element United States.
Subordinate unit Central Intelligence Agency
General subdivision Officials and employees
Form subdivision Biography.
9 (RLIN) 105412
610 24 - SUBJECT ADDED ENTRY--CORPORATE NAME
Corporate name or jurisdiction name as entry element United States.
Subordinate unit Central Intelligence Agency.
610 17 - SUBJECT ADDED ENTRY--CORPORATE NAME
Corporate name or jurisdiction name as entry element United States.
Subordinate unit Central Intelligence Agency.
Source of heading or term fast
Authority record control number or standard number (OCoLC)fst00536259
9 (RLIN) 109449
611 27 - SUBJECT ADDED ENTRY--MEETING NAME
Meeting name or jurisdiction name as entry element War on Terrorism (2001-2009)
Source of heading or term fast
Authority record control number or standard number (OCoLC)fst01754980
9 (RLIN) 109450
648 #7 - SUBJECT ADDED ENTRY--CHRONOLOGICAL TERM
Chronological term Since 2001
Source of heading or term fast
9 (RLIN) 109451
650 #0 - SUBJECT ADDED ENTRY--TOPICAL TERM
Topical term or geographic name entry element Cabinet officers
Geographic subdivision United States
Form subdivision Biography.
9 (RLIN) 105414
650 #0 - SUBJECT ADDED ENTRY--TOPICAL TERM
Topical term or geographic name entry element War on Terrorism, 2001-2009.
650 #7 - SUBJECT ADDED ENTRY--TOPICAL TERM
Topical term or geographic name entry element Cabinet officers.
Source of heading or term fast
Authority record control number or standard number (OCoLC)fst00843535
9 (RLIN) 109452
650 #7 - SUBJECT ADDED ENTRY--TOPICAL TERM
Topical term or geographic name entry element Diplomatic relations.
Source of heading or term fast
Authority record control number or standard number (OCoLC)fst01907412
9 (RLIN) 6585
650 #7 - SUBJECT ADDED ENTRY--TOPICAL TERM
Topical term or geographic name entry element Employees.
Source of heading or term fast
Authority record control number or standard number (OCoLC)fst00909111
9 (RLIN) 109453
651 #0 - SUBJECT ADDED ENTRY--GEOGRAPHIC NAME
Geographic name United States
General subdivision Foreign relations
Chronological subdivision 2009-
9 (RLIN) 13168
651 #7 - SUBJECT ADDED ENTRY--GEOGRAPHIC NAME
Geographic name United States.
Source of heading or term fast
Authority record control number or standard number (OCoLC)fst01204155
655 #7 - INDEX TERM--GENRE/FORM
Genre/form data or focus term Biography.
Source of term fast
Authority record control number (OCoLC)fst01423686
9 (RLIN) 93739
700 1# - ADDED ENTRY--PERSONAL NAME
Personal name Newton, Jim,
Dates associated with a name 1963-
Relator term author.
9 (RLIN) 109454
856 41 - ELECTRONIC LOCATION AND ACCESS
Materials specified Sample text
Uniform Resource Identifier <a href="http://www.loc.gov/catdir/enhancements/fy1508/2015300013-s.html">http://www.loc.gov/catdir/enhancements/fy1508/2015300013-s.html</a>
856 42 - ELECTRONIC LOCATION AND ACCESS
Materials specified Publisher description
Uniform Resource Identifier <a href="http://www.loc.gov/catdir/enhancements/fy1508/2015300013-d.html">http://www.loc.gov/catdir/enhancements/fy1508/2015300013-d.html</a>
856 42 - ELECTRONIC LOCATION AND ACCESS
Materials specified Contributor biographical information
Uniform Resource Identifier <a href="http://www.loc.gov/catdir/enhancements/fy1508/2015300013-b.html">http://www.loc.gov/catdir/enhancements/fy1508/2015300013-b.html</a>
906 ## - LOCAL DATA ELEMENT F, LDF (RLIN)
a 7
b cbc
c copycat
d 2
e ncip
f 20
g y-gencatlg
942 ## - ADDED ENTRY ELEMENTS (KOHA)
Source of classification or shelving scheme
Koha item type Book
Holdings
Withdrawn status Lost status Source of classification or shelving scheme Damaged status Not for loan Permanent Location Current Location Shelving location Date acquired Total Checkouts Full call number Barcode Date last seen Price effective from Koha item type Public note
          Military College of Signals (MCS) Military College of Signals (MCS) General Stacks 02/22/2023   327.1273, PAN B MCS37525 02/22/2023 02/22/2023 Book Almirah No.50, Shelf No.1
© 2023 Central Library, National University of Sciences and Technology. All Rights Reserved.